Biblioteca y Centro de Documentación

Sobre las medidas comunitarias de compesación y asistencia a los usuarios del transporte aéreo (Registro nro. 37645)

Detalles MARC
000 -CABECERA
Longitud fija campo de control 01037naa a2200277 c 4500
001 - NÚMERO DE CONTROL
Número de control 37645
003 - IDENTIFICADOR DE NÚMERO DE CONTROL
Identificador del número de control ES-MaCES
005 - FECHA Y HORA DE LA ÚLTIMA TRANSACCIÓN
Fecha y hora de la última transacción 20070322134800.0
008 - CAMPO FIJO DE DESCRIPCIÓN FIJA--INFORMACIÓN GENERAL
Códigos de información de longitud fija   070322n2006 sp t ||0 | spa d
035 ## - NÚMERO DE CONTROL DEL SISTEMA
Número de control del sistema CES20070001630v
040 ## - FUENTE DE CATALOGACIÓN
Centro catalogador de origen ES-MaCES
Lengua de catalogación spa
Centro transcriptor ES-MaCES
100 1# - ENCABEZAMIENTO PRINCIPAL--NOMBRE PERSONAL
Nombre de persona González Fernández, María Belén
9 (RLIN) 13803
245 10 - MENCIÓN DE TÍTULO
Título Sobre las medidas comunitarias de compesación y asistencia a los usuarios del transporte aéreo
Mención de responsabilidad, etc. María Belén González Fernández
650 #4 - ASIENTO SECUNDARIO DE MATERIA--TÉRMINO DE MATERIA
Término de materia o nombre geográfico como elemento inicial derecho comunitario
9 (RLIN) 29866
650 #4 - ASIENTO SECUNDARIO DE MATERIA--TÉRMINO DE MATERIA
Término de materia o nombre geográfico como elemento inicial medida proteccionista
9 (RLIN) 27997
650 #4 - ASIENTO SECUNDARIO DE MATERIA--TÉRMINO DE MATERIA
Término de materia o nombre geográfico como elemento inicial reclamación
9 (RLIN) 28266
650 #4 - ASIENTO SECUNDARIO DE MATERIA--TÉRMINO DE MATERIA
Término de materia o nombre geográfico como elemento inicial satisfacción del cliente
9 (RLIN) 30713
650 #4 - ASIENTO SECUNDARIO DE MATERIA--TÉRMINO DE MATERIA
Término de materia o nombre geográfico como elemento inicial servicio al cliente
9 (RLIN) 30719
650 #4 - ASIENTO SECUNDARIO DE MATERIA--TÉRMINO DE MATERIA
Término de materia o nombre geográfico como elemento inicial consumidor
9 (RLIN) 27902
650 #4 - ASIENTO SECUNDARIO DE MATERIA--TÉRMINO DE MATERIA
Término de materia o nombre geográfico como elemento inicial transporte aéreo
9 (RLIN) 28048
653 10 - TÉRMINO DE INDEXACIÓN--NO CONTROLADO
Término no controlado Transporte-Comunicaciones
773 0# - ENTRADA DE DOCUMENTO FUENTE
Título Estudios sobre consumo
Parte(s) relacionada(s) año 19, n. 79 extraor.(2006){10419 R. 066748}; p. 35-46
Número de control del registro relacionado (ES-MaCES)25429
Itemnumber del ítem fuente 57312
902 ## - CES. TIPO DE DOCUMENTO
Tipodoc (006$c Sirtex) ART Artículo de revista
942 ## - ELEMENTOS KOHA
Fuente de clasificaión o esquema Clasificación propia del CES
Koha [por defecto] tipo de item Artículos (1982-2017)
Parte de clasificación 5.2.

No hay ítems disponibles.

© CES, Consejo Económico y Social de España 2021